|
|
|
|
| LEADER |
00000cam a2200000 4500 |
| 001 |
vtls011778039 |
| 003 |
SK-MaSNL |
| 005 |
20260301223531.0 |
| 008 |
200205s2018 xo a grf 010 0 slo |
| 015 |
|
|
|a SNBA2018/11
|
| 020 |
|
|
|a 9788081920493
|q (brožované)
|
| 035 |
|
|
|a urn:nbn:sk:snk-am00d85b
|
| 035 |
|
|
|a urn:nbn:sk:snk-am3hsws
|
| 035 |
|
|
|a D54D6CE4-F55C-4146-A2AD-A405EA46976C
|
| 040 |
|
|
|a SNK
|b slo
|c SNK
|e rda
|
| 041 |
0 |
|
|a slo
|
| 044 |
|
|
|a xo
|c SK
|
| 072 |
|
7 |
|a 27-5
|x Liturgia. Kresťanské umenie a symbolika. Duchovný život
|2 konspekt
|
| 080 |
|
|
|a 27-532.2
|2 2011
|
| 080 |
|
|
|a 27-312.8
|2 2011
|
| 080 |
|
|
|a 272.532.3/.4
|2 2011
|
| 080 |
|
|
|a (035)
|2 2011
|
| 080 |
|
|
|a (03)82-93-053.4/.6
|2 2011
|
| 100 |
1 |
|
|a Paľonder, Peter
|4 aut
|9 572189
|
| 245 |
1 |
0 |
|a Krížová cesta za deti a mládež
|c Peter Paľonder
|
| 250 |
|
|
|a Prvé vydanie
|
| 264 |
|
1 |
|a Doľany
|b ZAEX
|c 2018
|
| 300 |
|
|
|a 24 nečíslovaných strán
|b ilustrácie
|c 15 cm
|
| 336 |
|
|
|a text
|b txt
|2 rdacontent
|
| 337 |
|
|
|a bez média
|b n
|2 rdamedia
|
| 338 |
|
|
|a zväzok
|b nc
|2 rdacarrier
|
| 600 |
0 |
7 |
|a Ježiš Kristus
|2 SNKMA
|
| 600 |
0 |
7 |
|a Jesus Christ
|2 SNKMAeng
|9 315070
|
| 650 |
0 |
7 |
|a krížová cesta
|2 SNKPH
|9 30268
|
| 650 |
0 |
7 |
|a utrpenie Ježiša Krista
|2 SNKPH
|9 64563
|
| 650 |
0 |
7 |
|a katolícke pobožnosti
|2 SNKPH
|9 64564
|
| 650 |
0 |
7 |
|a Stations of the Cross
|2 SNKPHeng
|9 313679
|
| 650 |
0 |
7 |
|a Passion of Jesus Christ
|2 SNKPHeng
|9 317233
|
| 650 |
0 |
7 |
|a Catholic devotions
|2 SNKPHeng
|9 315408
|
| 655 |
|
7 |
|a príručky
|2 SNKPH
|9 74364
|
| 655 |
|
7 |
|a publikácie pre deti a mládež
|2 SNKPH
|9 70541
|
| 655 |
|
7 |
|a Handbooks, manuals, etc.
|2 SNKPHeng
|9 90964
|
| 655 |
|
7 |
|a Publications for children and youth
|2 SNKPHeng
|9 285708
|
| 852 |
|
|
|a Štátna vedecká knižnica v Banskej Bystrici
|
| 919 |
|
|
|a 978-80-8192-049-3
|
| 958 |
|
|
|a NT
|
| 999 |
|
|
|c 943972
|d 945902
|
| 952 |
|
|
|a SNK
|b SNK
|y PREZ
|7 0
|p 17A1338180
|o snkSE 13615
|i snk2018/21699
|8 0
|0 0
|1 0
|4 0
|d 2018-10-22
|f 1
|l 0
|r 2026-02-24 09:28:24
|w 2026-02-24
|
| 952 |
|
|
|a SNK
|b SNK
|y VYP
|7 0
|p 17A1338181
|o snkSE 13615 D1
|i snk2018/21700
|8 0
|0 0
|1 0
|4 0
|d 2018-10-22
|l 0
|r 2026-02-24 09:28:24
|w 2026-02-24
|